Fantasy Players to College-Arizona Cardinals - Statistics

General Stats
  • This quiz has been taken 9 times
  • The average score is 9 of 21
Answer Stats
Position Player Answer % Correct
QB Kyler Murray Oklahoma
100%
WR Marvin Harrison Jr. Ohio State
78%
RB James Conner Pittsburgh
78%
QB Jacoby Brissett NC State
67%
RB Zonovan Knight NC State
67%
WR Xavier Weaver Colorado
56%
TE Trey McBride Colorado State
56%
WR Michael Wilson Stanford
56%
WR Simi Fehoko Stanford
56%
TE Elijah Higgins Stanford
56%
RB Trey Benson Florida State
44%
WR Zay Jones East Carolina
33%
WR Greg Dortch Wake Forest
33%
TE Josiah Deguara Cincinnati
22%
TE Tip Reiman Illinois
22%
K Chad Ryland Maryland
22%
RB Michael Carter North Carolina
22%
RB Emari Demercado TCU
22%
QB Kedon Slovis BYU
11%
WR Trent Sherfield Vanderbilt
11%
WR Andre Baccellia Washington
11%
No matching quizzes found
Score Distribution
Percent of People with Each Score
Percentile by Number Answered
Your Score History
You have not taken this quiz